Muzyka według roku, 2010 - obecnie - Statystyki

Ogólne statystyki
  • Ten quiz został rozwiązany 9 043 razy
    553 od ostatniego zresetowania
  • Średni wynik to 11 z 16
Statystyki odpowiedzi
Rok Podpowiedź Odpowiedź % Poprawnych
2023 Piosenkarka, której bilety na trasę koncertową „Eras” sprzedały się za prawie miliard dolarów Taylor Swift
90%
2014 Była piosenkarka country wydaje swój pierwszy album pop zatytułowany „1989” Taylor Swift
90%
2021 Piosenkarka "Bad Guy" zdobywa drugą z rzędu nagrodę Grammy za nagranie roku Billie Eilish
83%
2017 Ta piosenka, autorstwa Luisa Fonsi i Daddy Yankee, zajmuje pierwsze miejsca na listach przebojów w 47 różnych krajach Despacito
82%
2022 Dawny członek boysbandu nagrywa hit #1 "As It Was" Harry Styles
82%
2025 Główny wokalista zespołu Black Sabbath, który wystąpił na swoim ostatnim koncercie w Birmingham, niecałe trzy tygodnie przed śmiercią. Ozzy Osbourne
74%
2018 Dzięki swojej piosence „Mic Drop” BTS staje się pierwszą grupą z tego kraju, której piosenka otrzymała platynę od RIAA Korea Południowa
73%
2019 „I'm gonna take my horse to the __ ____ ___”, śpiewa Lil Nas X, który ustanawia rekord hitem numer 1 w USA przez 19 tygodni z rzędu Old Town Road
73%
2010 Piosenkarka, która miała na sobie sukienkę z mięsa Lady Gaga
72%
2024 Raper, który nagrał cztery utwory krytykujące Drake'a, w tym hit nr 1 „Not Like Us”. Kendrick Lamar
71%
2012 Piosenka artysty PSY staje się najczęściej oglądanym teledyskiem wszechczasów w YouTube Gangnam Style
69%
2011 Maroon 5 śpiewa, że ma „ruchy jak” ten słynny piosenkarz... Mick Jagger
61%
2015 Temu piosenkarzowi dokuczano za swoje ruchy taneczne w filmie „Hotline Bling” Drake
55%
2013 Francuski duet, który wydaje album „Random Access Memories” Daft Punk
42%
2020 Heavy metalowy zespół, założony w 1974 roku, który rozpada się po śmierci gitarzysty Eddiego Van Halen
31%
2016 Ten musical na Broadwayu zdobywa 11 nagród Tony, w tym dla najlepszego musicalu Hamilton
27%
Nie znaleziono quizów pasujących do podanych kryteriów
Rozkład punktacji
Procent ludzi z każdym wynikiem
Percentyl według liczby udzielonych odpowiedzi
Twoja historia wyników
Nie rozwiązałeś tego quizu od ostatniego zresetowania